Catalog

Record Details

Catalog Search



Leveraging Knowledge for Innovation in Collaborative Networks 10th IFIP WG 5.5 Working Conference on Virtual Enterprises, PRO-VE 2009, Thessaloniki, Greece, October 7-9, 2009. Proceedings  Cover Image E-book E-book

Leveraging Knowledge for Innovation in Collaborative Networks [electronic resource] : 10th IFIP WG 5.5 Working Conference on Virtual Enterprises, PRO-VE 2009, Thessaloniki, Greece, October 7-9, 2009. Proceedings / edited by Luis M. Camarinha-Matos, Iraklis Paraskakis, Hamideh Afsarmanesh.

Electronic resources


LDR 02201nam a22005055i 4500
00138238
003CONS
00520131220060340.0
007cr nn 008mamaa
008100301s2009 gw | s |||| 0|eng d
020 . ‡a9783642045684 ‡9978-3-642-04568-4
0247 . ‡a10.1007/978-3-642-04568-4 ‡2doi
035 . ‡a(DE-He213)978-3-642-04568-4
050 4. ‡aTK5105.5-5105.9
072 7. ‡aUKN ‡2bicssc
072 7. ‡aCOM075000 ‡2bisacsh
1001 . ‡aCamarinha-Matos, Luis M. ‡eeditor.
24510. ‡aLeveraging Knowledge for Innovation in Collaborative Networks ‡h[electronic resource] : ‡b10th IFIP WG 5.5 Working Conference on Virtual Enterprises, PRO-VE 2009, Thessaloniki, Greece, October 7-9, 2009. Proceedings / ‡cedited by Luis M. Camarinha-Matos, Iraklis Paraskakis, Hamideh Afsarmanesh.
264 1. ‡aBerlin, Heidelberg : ‡bSpringer Berlin Heidelberg, ‡c2009.
300 . ‡aXVII, 835 p. ‡bonline resource.
336 . ‡atext ‡btxt ‡2rdacontent
337 . ‡acomputer ‡bc ‡2rdamedia
338 . ‡aonline resource ‡bcr ‡2rdacarrier
347 . ‡atext file ‡bPDF ‡2rda
4901 . ‡aIFIP Advances in Information and Communication Technology, ‡x1868-4238 ; ‡v307
650 0. ‡aComputer science.
650 0. ‡aComputer network architectures.
650 0. ‡aComputer Communication Networks.
650 0. ‡aInformation systems.
650 0. ‡aEducation.
650 0. ‡aInformation Systems.
65014. ‡aComputer Science.
65024. ‡aComputer Communication Networks.
65024. ‡aManagement of Computing and Information Systems.
65024. ‡aComputers and Education.
65024. ‡aProgramming Techniques.
65024. ‡aInformation Systems Applications (incl.Internet).
65024. ‡aComputer Systems Organization and Communication Networks.
7001 . ‡aParaskakis, Iraklis. ‡eeditor.
7001 . ‡aAfsarmanesh, Hamideh. ‡eeditor.
7102 . ‡aSpringerLink (Online service)
7730 . ‡tSpringer eBooks
77608. ‡iPrinted edition: ‡z9783642045677
830 0. ‡aIFIP Advances in Information and Communication Technology, ‡x1868-4238 ; ‡v307
85640. ‡uhttp://biblioteca.ipicyt.edu.mx:2048/login?url=http://dx.doi.org/10.1007/978-3-642-04568-4 ‡yTexto completo ‡9CONS
950 . ‡aComputer Science (Springer-11645)
901 . ‡a38238 ‡b ‡c38238 ‡tbiblio ‡sSystem Local

Additional Resources